Factbook on manpower. (Record no. 77711)

MARC details
000 -LEADER
fixed length control field 00663cam a22002291 4500
001 - CONTROL NUMBER
control field sa 68001114
003 - CONTROL NUMBER IDENTIFIER
control field DLC
005 - DATE AND TIME OF LATEST TRANSACTION
control field 20260227112430.0
008 - FIXED-LENGTH DATA ELEMENTS--GENERAL INFORMATION
fixed length control field 710903s1966 ii s 00000 eng
010 ## - LIBRARY OF CONGRESS CONTROL NUMBER
LC control number sa 68001114
025 ## - OVERSEAS ACQUISITION NUMBER
Overseas acquisition number PL480:I-E-8604
043 ## - GEOGRAPHIC AREA CODE
Geographic area code a-ii---
050 0# - LIBRARY OF CONGRESS CALL NUMBER
Classification number HD5820.K4
Item number A5
082 ## - DEWEY DECIMAL CLASSIFICATION NUMBER
Classification number 331.1/12/095483
110 10 - MAIN ENTRY--CORPORATE NAME
Corporate name or jurisdiction name as entry element Kerala, India (State).
Subordinate unit Bureau of Economics and Statistics.
-- Employment Division.
245 10 - TITLE STATEMENT
Title Factbook on manpower.
260 1# - PUBLICATION, DISTRIBUTION, ETC.
Place of publication, distribution, etc. Trivandrum
Date of publication, distribution, etc. [1966]
300 ## - PHYSICAL DESCRIPTION
Extent iv, 116 p.
Dimensions 29 cm.
500 ## - GENERAL NOTE
General note "Prepared by P. Gopinathan."
650 #0 - SUBJECT ADDED ENTRY--TOPICAL TERM
Topical term or geographic name entry element Labor supply
Geographic subdivision India
-- Kerala
General subdivision Statistics.
700 10 - ADDED ENTRY--PERSONAL NAME
Personal name Gopinathan, P.

No items available.

Powered by Koha